000 00612nam a2200217 a 4500
001 53912
003 BD-RjUL
005 20211209080037.0
008 161029s1964 enkp|||| |||| 001 0 eng d
035 _a(BD-RjUL)54034
040 _aBD-RjUL
_beng
_cBD-RjUL
_dBD-RjUL
041 _aeng
082 _223
_a541.38
_bCHN 1964
100 _aChoppin, Gregory R
_9161022
245 1 0 _aNuclei and radioactivity /
_cGregory R Choppin
260 _aNew York :
_bW. A. Benjamin, INC,
_cc1964
300 _aix, 150 p. :
_bill. ;
_c24 cm.
500 _aInclude index
650 _aRadiochemistry.
_9153734
942 _2ddc
_cBK
999 _c53912
_d53912